| 000 | 00577nam a2200229 a 4500 | ||
|---|---|---|---|
| 001 | nice12345678 | ||
| 003 | IN_TiNIC | ||
| 005 | 20260116012258.0 | ||
| 008 | 050524s1981 enga grp 000 0 eng | ||
| 020 |
_a0854218 _c100 |
||
| 082 | 0 | 0 |
_a220.03 _bBEW |
| 100 | _aBewes, Richard | ||
| 245 | _aPocket Handbook of Christian Truth. | ||
| 260 |
_aEngland _bCreative Publishing _c1981 |
||
| 300 | _ano page number | ||
| 500 | _aincludes index and biblioraphy | ||
| 505 | 2 | _aIndex | |
| 650 | _aBible-Dictionaries | ||
| 902 | _bSRS | ||
| 942 | _cBK | ||
| 999 |
_c6365 _d6365 |
||